000 00316nam a2200109Ia 4500
008 220204s9999 xx 000 0 und d
082 _a615.9
_bMIC.5
245 0 _aMicrobial toxins: A comprehensive treatise. V 5. Bacterial endotoxins
260 _aNew York
_bAcademic
_c1971
650 _aMicrobial toxins
942 _cBK
999 _c28599
_d28599